Multiple analogies in science and philosophy (Record no. 60048)
[ view plain ]
| 000 -LEADER | |
|---|---|
| fixed length control field | 01319nam a2200337Ia 4500 |
| 082 04 - DEWEY DECIMAL CLASSIFICATION NUMBER | |
| Classification number | 169 |
| 100 1# - MAIN ENTRY--AUTHOR NAME | |
| Personal name | Shelley, Cameron. |
| 245 10 - TITLE STATEMENT | |
| Title | Multiple analogies in science and philosophy |
| 260 ## - PUBLICATION, DISTRIBUTION, ETC. (IMPRINT) | |
| Place of publication | Amsterdam ; |
| -- | Philadelphia : |
| Name of publisher | John Benjamins Pub. Co., |
| Year of publication | c2003. |
| 300 ## - PHYSICAL DESCRIPTION | |
| Number of Pages | xi, 167 p. |
| 490 1# - SERIES STATEMENT | |
| Series statement | Human cognitive processing, |
| 650 #0 - SUBJECT ADDED ENTRY--TOPICAL TERM | |
| Topical Term | Analogy. |
| Topical Term | Evolution (Biology) |
| Topical Term | Archaeology |
| 856 40 - ELECTRONIC LOCATION AND ACCESS | |
| Uniform Resource Identifier | http://site.ebrary.com/lib/rucke/Doc?id=10040049 |
No items available.
